Participación social y política : (Registro nro. 4641)

Detalles MARC
000 -LEADER
fixed length control field 01074nam a2200253Ia 4500
003 - CONTROL NUMBER IDENTIFIER
control field OSt
005 - DATE AND TIME OF LATEST TRANSACTION
control field 20200429180640.0
008 - FIXED-LENGTH DATA ELEMENTS--GENERAL INFORMATION
fixed length control field 191128s2015 ck a gr 000 0dspa d
020 ## - INTERNATIONAL STANDARD BOOK NUMBER
International Standard Book Number 9789588917085
040 ## - CATALOGING SOURCE
Original cataloging agency CO-JMCR
Transcribing agency CO-JMCR
041 0# - LANGUAGE CODE
Language code of text/sound track or separate title spa
082 ## - DEWEY DECIMAL CLASSIFICATION NUMBER
Classification number 305.235 /
Item number A346p
110 1# - MAIN ENTRY--CORPORATE NAME
Corporate name or jurisdiction name as entry element Colombia. Alcaldia Mayor
9 (RLIN) 3723
245 10 - TITLE STATEMENT
Title Participación social y política :
Remainder of title manual de ciudadanía y convivencia desde la construcción colectiva de sentidos y redes /
Statement of responsibility, etc. Alcaldia Mayor, Ministerio de Educación
260 ## - PUBLICATION, DISTRIBUTION, ETC.
Place of publication, distribution, etc. Bogotá :
Name of publisher, distributor, etc. Cinep,
Date of publication, distribution, etc. 2015
300 ## - PHYSICAL DESCRIPTION
Extent 149 páginas :
Other physical details ilustraciones a color ;
Dimensions 24 x 22 cm.
490 0# - SERIES STATEMENT
Series statement Educación para la ciudadanía y la convivencia
504 ## - BIBLIOGRAPHY, ETC. NOTE
Bibliography, etc. note Bibliografía : páginas 151.
505 ## - FORMATTED CONTENTS NOTE
Formatted contents note La participación social y política como la acción humana -- Escios de participación social política -- Acciones de transformación
650 14 - SUBJECT ADDED ENTRY--TOPICAL TERM
Topical term or geographic name entry element Participación Social
Geographic subdivision Colombia
9 (RLIN) 3724
650 24 - SUBJECT ADDED ENTRY--TOPICAL TERM
Topical term or geographic name entry element Política como acción humana
Geographic subdivision Colombia
9 (RLIN) 3725
700 ## - ADDED ENTRY--PERSONAL NAME
Personal name Ministerio de Educación,
Relator term autor
9 (RLIN) 3726
942 ## - ADDED ENTRY ELEMENTS (KOHA)
Source of classification or shelving scheme Dewey Decimal Classification
Koha item type Books
Existencias
Withdrawn status Lost status Source of classification or shelving scheme Materials specified (bound volume or other part) Damaged status Not for loan Home library Current library Shelving location Date acquired Source of acquisition Cost, normal purchase price Total Checkouts Full call number Barcode Date last seen Copy number Price effective from Koha item type
    Dewey Decimal Classification Donación--18/07/2019--     Biblioteca Pública José María del Castillo y Rada Biblioteca Pública José María del Castillo y Rada General Stacks 11/28/2019 Donación 0.00   305.235 / A346p 201809583 05/16/2024 Ej.1 11/28/2019 Books